<?xml version="1.0" encoding="UTF-8"?>
<record
    xmlns:xsi="http://www.w3.org/2001/XMLSchema-instance"
    xsi:schemaLocation="http://www.loc.gov/MARC21/slim http://www.loc.gov/standards/marcxml/schema/MARC21slim.xsd"
    xmlns="http://www.loc.gov/MARC21/slim">

  <leader>01270    a2200241   4500</leader>
  <controlfield tag="003">Nust</controlfield>
  <controlfield tag="005">20240308093936.0</controlfield>
  <datafield tag="010" ind1=" " ind2=" ">
    <subfield code="a">   92024917</subfield>
  </datafield>
  <datafield tag="020" ind1=" " ind2=" ">
    <subfield code="a">0471548049</subfield>
  </datafield>
  <datafield tag="040" ind1=" " ind2=" ">
    <subfield code="c">Nust</subfield>
  </datafield>
  <datafield tag="082" ind1="0" ind2="0">
    <subfield code="a">530,RES</subfield>
  </datafield>
  <datafield tag="100" ind1="1" ind2=" ">
    <subfield code="a">Halliday, David,</subfield>
    <subfield code="9">5033</subfield>
  </datafield>
  <datafield tag="245" ind1="1" ind2="0">
    <subfield code="a">Physics Volume-2 /</subfield>
    <subfield code="c">David Halliday, Robert Resnick, Kenneth S. Krane.</subfield>
  </datafield>
  <datafield tag="250" ind1=" " ind2=" ">
    <subfield code="a">4th ed. Volume-2</subfield>
  </datafield>
  <datafield tag="260" ind1=" " ind2=" ">
    <subfield code="a">New York :</subfield>
    <subfield code="b">Wiley,</subfield>
    <subfield code="c">c1992.</subfield>
  </datafield>
  <datafield tag="300" ind1=" " ind2=" ">
    <subfield code="a">1216p, v. (various pagings) :</subfield>
    <subfield code="b">ill. (some col.) ;</subfield>
    <subfield code="c">29 cm.</subfield>
  </datafield>
  <datafield tag="505" ind1=" " ind2=" ">
    <subfield code="a">Electric Charge And Coulomb&#x2019;s Law (Page-593), The Electric Field (Page-605), Gauss&#x2019; Law (Page-627), Electric Potential (Page-651), Capacitors And Dielectrics (Page-677), Grating And Spectra (Page-985), Polarization (Page-1003), Light And Quantum Physics (Page-1021), The Wave Nature Of Matter (Page-1043), The Structure Of Atomic Hydrogen (Page-1069), Atomics Physics (Page-1095), Electrical Conduction In Solids (Page-1115), Nuclear Physics (Page-1141), Energy From The Nucleus (Page-1167), Particle Physics And Cosmology (Page-1189).</subfield>
  </datafield>
  <datafield tag="650" ind1=" " ind2="0">
    <subfield code="a">Physics Vol-2.</subfield>
    <subfield code="9">96056</subfield>
  </datafield>
  <datafield tag="700" ind1="1" ind2=" ">
    <subfield code="a">Krane, Kenneth S.</subfield>
    <subfield code="9">39001</subfield>
  </datafield>
  <datafield tag="700" ind1="1" ind2=" ">
    <subfield code="a">Resnick, Robert,</subfield>
    <subfield code="d">1923-</subfield>
    <subfield code="9">1506</subfield>
  </datafield>
  <datafield tag="856" ind1="4" ind2=" ">
    <subfield code="3">Table of Contents</subfield>
    <subfield code="u">http://www.loc.gov/catdir/toc/onix05/92024917.html</subfield>
  </datafield>
  <datafield tag="942" ind1=" " ind2=" ">
    <subfield code="2">ddc</subfield>
    <subfield code="c">REF</subfield>
  </datafield>
  <datafield tag="999" ind1=" " ind2=" ">
    <subfield code="c">176719</subfield>
    <subfield code="d">176719</subfield>
  </datafield>
  <datafield tag="952" ind1=" " ind2=" ">
    <subfield code="0">0</subfield>
    <subfield code="1">0</subfield>
    <subfield code="2">ddc</subfield>
    <subfield code="4">0</subfield>
    <subfield code="7">0</subfield>
    <subfield code="a">MCS</subfield>
    <subfield code="b">MCS</subfield>
    <subfield code="c">REF</subfield>
    <subfield code="d">2016-12-12</subfield>
    <subfield code="l">3</subfield>
    <subfield code="o">530, RES</subfield>
    <subfield code="p">MCS28127</subfield>
    <subfield code="r">2025-01-23</subfield>
    <subfield code="s">2025-01-10</subfield>
    <subfield code="w">2016-12-12</subfield>
    <subfield code="y">REF</subfield>
    <subfield code="z">Almirah No.19, Shelf No.6</subfield>
  </datafield>
  <datafield tag="952" ind1=" " ind2=" ">
    <subfield code="0">0</subfield>
    <subfield code="1">0</subfield>
    <subfield code="2">ddc</subfield>
    <subfield code="4">0</subfield>
    <subfield code="7">0</subfield>
    <subfield code="a">MCS</subfield>
    <subfield code="b">MCS</subfield>
    <subfield code="c">GEN</subfield>
    <subfield code="d">2024-03-08</subfield>
    <subfield code="l">2</subfield>
    <subfield code="o">530,RES</subfield>
    <subfield code="p">MCS36243</subfield>
    <subfield code="q">2024-11-15</subfield>
    <subfield code="r">2024-10-16</subfield>
    <subfield code="s">2024-10-16</subfield>
    <subfield code="w">2024-03-08</subfield>
    <subfield code="y">BK</subfield>
    <subfield code="z">Almirah No.15, Shelf No.3</subfield>
  </datafield>
  <datafield tag="952" ind1=" " ind2=" ">
    <subfield code="0">0</subfield>
    <subfield code="1">0</subfield>
    <subfield code="2">ddc</subfield>
    <subfield code="4">0</subfield>
    <subfield code="7">0</subfield>
    <subfield code="a">MCS</subfield>
    <subfield code="b">MCS</subfield>
    <subfield code="c">GEN</subfield>
    <subfield code="d">2024-03-08</subfield>
    <subfield code="l">5</subfield>
    <subfield code="m">1</subfield>
    <subfield code="o">530,RES</subfield>
    <subfield code="p">MCS36357</subfield>
    <subfield code="q">2025-11-20</subfield>
    <subfield code="r">2025-10-21</subfield>
    <subfield code="s">2025-10-21</subfield>
    <subfield code="w">2024-03-08</subfield>
    <subfield code="y">BK</subfield>
    <subfield code="z">Almirah No.15, Shelf No.3</subfield>
  </datafield>
</record>
